| 000 | 00450nam a22001577a 4500 | ||
|---|---|---|---|
| 020 | _a9780073049779 | ||
| 040 | _cNUST | ||
| 082 | _a658 MCS | ||
| 100 |
_aMcshane, Steven L _9112278 |
||
| 110 |
_a Von Glinow, Mary Ann _9112279 |
||
| 245 |
_aOrganizational Behavior; _bEmerging Realities for the Workplace Revolution |
||
| 250 | _a4th Edition | ||
| 260 |
_aNew York; _bMcGraw hill: _c2008. |
||
| 650 | _aOrganizational Behavior | ||
| 942 |
_2ddc _cBK |
||
| 999 |
_c594739 _d594739 |
||